Business Mathematics and Statistics: A Textbook for B,com., Semester ll, paper 2.3 ( CBCS ) and School of Open Learning (Record no. 3855)

MARC details
005 - DATE AND TIME OF LATEST TRANSACTION
control field 20250612123853.0
020 ## - INTERNATIONAL STANDARD BOOK NUMBER
International Standard Book Number 978-93-87273-06-1
082 ## - DEWEY DECIMAL CLASSIFICATION NUMBER
Classification number 510.246 BHA
100 ## - MAIN ENTRY--PERSONAL NAME
Author name BHARDWAJ, R. S.
245 ## - TITLE STATEMENT
Title Business Mathematics and Statistics: A Textbook for B,com., Semester ll, paper 2.3 ( CBCS ) and School of Open Learning
250 ## - EDITION STATEMENT
Edition statement 2nd Ed.
260 ## - PUBLICATION, DISTRIBUTION, ETC.
Place of publication, distribution, etc. New Delhi,
Name of publisher, distributor, etc. Scholar Tech Press,
Date of publication, distribution, etc. 2019
300 ## - PHYSICAL DESCRIPTION
Extent xiv, 322p.: ill.; table.
Dimensions 25cm.
856 ## - ELECTRONIC LOCATION AND ACCESS
Link text Access online book
Electronic name Business Mathematics
Path www.scholartechpress.in
942 ## - ADDED ENTRY ELEMENTS (KOHA)
Source of classification or shelving scheme Dewey Decimal Classification
Koha item type Books
Holdings
Date last seen Total checkouts Full call number Barcode Cost, replacement price Price effective from Koha item type Lost status Source of classification or shelving scheme Damaged status Not for loan Withdrawn status Home library Current library Shelving location Date acquired Cost, normal purchase price
06/12/2025   510.246 BHA 00000012746 106692.27 06/12/2025 Books   Dewey Decimal Classification       College of Business Education Main Library College of Business Education Main Library General Collection 10/22/2024 35564.09
06/12/2025   510.246 BHA 00000012747 106692.27 06/12/2025 Books   Dewey Decimal Classification       College of Business Education Main Library College of Business Education Main Library General Collection 10/22/2024 35564.09
06/12/2025   510.246 BHA 00000012748 106692.27 06/12/2025 Books   Dewey Decimal Classification       College of Business Education Main Library College of Business Education Main Library General Collection 10/22/2024 35564.09
06/12/2025   510.246 BHA 00000012749 106692.27 06/12/2025 Books   Dewey Decimal Classification       College of Business Education Main Library College of Business Education Main Library General Collection 10/22/2024 35564.09
06/12/2025   510.246 BHA 00000012750 106692.27 06/12/2025 Books   Dewey Decimal Classification       College of Business Education Main Library College of Business Education Main Library General Collection 10/22/2024 35564.09